000 00635nam a2200205 i 4500
001 80792
003 ES-MaACL
005 20230906174312.0
007 t|
008 041029s1920 fr ||||1| fre d
245 0 3 _aLa Hongrie economique en cartes /
_cpublié par Jules de Rubrick ; redigée par Aladar d'Evri, Ylles et Albert Halász.
250 _a3eme ed.
260 _a[S.l. :
_bs.n.,
_c1920]
300 _a76 p. :
_bil. ;
_c27 cm (apais.)
700 1 _aRubrick, Jules de.
_9100464
700 1 _aEvri, Aladar d'.
_948406
700 1 _aHalász, Ylles.
_961515
700 1 _aHalász, Albert.
_961514
852 _aES-MaACL
_jA-425
999 _c80792
_d80792